Фронтовое милосердие

Podrobná bibliografie
Hlavní autor: Смирнов Е. И. Ефим Иванович
Shrnutí:Война жестока, беспощадна и кровава, она требует неисчислимых жертв, в том числе и искалеченными, израненными воинами, которые нуждаются в неотложной помощи, лечении, поддержке, добродушии людей. Фронт... Милосердие... Это напряженный труд военных медиков и гражданских работников здравоохранения по спасению, лечению и возвращению в боевой строй бойцов и командиров, получивших ранения в боях. Все это показано в книге бывшего начальника Главного военно-санитарного управления Красной Армии, Героя Социалистического Труда, генерал-полковника медицинской службы Е. И. Смирнова. В основу воспоминаний положена моногра фия Е. И. Смирнова «Война и военная медицина». Книга рассчитана на массового читателя.
Jazyk:ruština
Vydáno: Москва, Воениздат, 1991
Edice:Военные мемуары
Témata:
Médium: MixedMaterials Kniha
KOHA link:https://koha.lib.tpu.ru/cgi-bin/koha/opac-detail.pl?biblionumber=170430

MARC

LEADER 00000nam0a2200000 4500
001 170430
005 20231031163707.0
010 |a 5203010315 
020 |a RU  |b 91-15337 
035 |a (RuTPU)RU\TPU\book\184831 
090 |a 170430 
100 |a 20091123d1991 m y0rusy5003 ca 
101 0 |a rus 
102 |a RU 
105 |a a z 000zy 
200 1 |a Фронтовое милосердие  |f Е. И. Смирнов 
210 |a Москва  |c Воениздат  |d 1991 
215 |a 427,[3] с., [1] л. портр.  |d 21 см 
225 1 |a Военные мемуары 
330 |a Война жестока, беспощадна и кровава, она требует неисчислимых жертв, в том числе и искалеченными, израненными воинами, которые нуждаются в неотложной помощи, лечении, поддержке, добродушии людей. Фронт... Милосердие... Это напряженный труд военных медиков и гражданских работников здравоохранения по спасению, лечению и возвращению в боевой строй бойцов и командиров, получивших ранения в боях. Все это показано в книге бывшего начальника Главного военно-санитарного управления Красной Армии, Героя Социалистического Труда, генерал-полковника медицинской службы Е. И. Смирнова. В основу воспоминаний положена моногра фия Е. И. Смирнова «Война и военная медицина». Книга рассчитана на массового читателя. 
610 1 |a Великая Отечественная война 1941-1945 
610 1 |a врачи 
610 1 |a фронт 
610 1 |a милосердие 
686 |a Т3(2)722  |2 rubbk 
700 1 |a Смирнов  |b Е. И.  |g Ефим Иванович  |4 070 
801 0 |a RU  |b RuMRKP  |c 19950417  |g psbo 
801 1 |a RU  |b 63413507  |c 20091123 
801 2 |a RU  |b 63413507  |c 20140303  |g RCR 
942 |c BK